MARC

LEADER 00000nas a2200000 a 4500
001 ssj0000399207
003 WaSeSS
005 20200512172242.0
006 m d
007 cr n
008 020308c20019999fr ar s s i0 0eng c
010 |a  2002205919 
016 7 |a 024438219  |2 DE-101 
016 7 |a 2105223-2  |2 DE-600 
022 |a 1999-1290 
035 |a (WaSeSS)ssj0000399207 
040 |a IL#  |b eng  |c IL#  |d DLC  |d IUL  |d CUS  |d WAU  |d MYG  |d OCLCQ  |d MYG  |d OCL  |d HEBIS  |d DEBBG  |d GBVCP  |d GWDNB  |d UMC  |d OCLCQ  |d OCLCO  |d OCLCF  |d BEDGE  |d OCLCO  |d BECOE  |d OCLCA  |d OCLCQ  |d WaSeSS 
042 |a pcc 
050 0 0 |a HN25  |b .S646 
082 0 4 |a 306.091713 
245 0 0 |a Society at a glance  |h [electronic resource] :  |b OECD social indicators. 
246 3 0 |a OECD social indicators 
260 |a Paris :  |b OECD,  |c 2001- 
310 |a Annual 
362 0 |a 2001- 
490 1 |a 2001: Social issues 
506 |a License restrictions may limit access. 
588 |a Latest issue consulted: 2nd ed. (2002). 
650 0 |a Social indicators  |z OECD countries  |v Periodicals. 
650 0 |a Quality of life  |v Statistics  |v Periodicals. 
650 0 |a Economic indicators  |v Periodicals. 
650 7 |a Organisation de coopération et de développement économiques.  |2 eclas 
650 7 |a Annuaires.  |2 eclas 
650 7 |a Indicateurs sociaux.  |2 eclas 
650 7 |a Economic indicators.  |2 fast  |0 (OCoLC)fst00901996 
650 7 |a Quality of life.  |2 fast  |0 (OCoLC)fst01085009 
650 7 |a Social indicators.  |2 fast  |0 (OCoLC)fst01122522 
650 0 7 |a Sozialer Indikator.  |0 (DE-588)4055746-7  |2 gnd 
650 0 7 |a Sozialer Indikator.  |2 swd 
650 7 |a Sozialer Indikator.  |2 stw 
650 7 |a OECD-Staaten.  |2 stw 
651 7 |a OECD countries.  |2 fast  |0 (OCoLC)fst01277092 
653 |a Social indicators 
653 |a Social policy 
655 0 |a Electronic journals. 
710 2 |a Organisation for Economic Co-operation and Development. 
775 0 8 |i Issued also in French:  |t Panorama de la société : les indicateurs sociaux de l'OCDE  |w (OCoLC)49275677 
830 0 |a Social issues (Paris, France) 
850 |a DLC 
853 2 0 |8 1  |a (year)  |w a 
856 4 0 |z Full text available from Research Library: 01/01/2009 to 12/31/2016  |u https://search.proquest.com/publication/2026446 
856 4 0 |z Full text available from Research Library: 01/01/2019 to 6 months ago  |u https://search.proquest.com/publication/2026446 
863 4 1 |8 1.1  |a 2001